Comedy Series Set in New York II Quiz Stats

 Plays Quiz Updated Jun 22, 2016

Challenge
Share
Tweet
Score 0/20 Timer 06:00
1 Play Today
% Correct
Everybody Loves Raymond
96.7%
The Nanny
80.1%
Diff'rent Strokes
71.9%
Spin City
69.3%
The Honeymooners
66.8%
The Odd Couple
61.4%
The Mindy Project
58.6%
Girls
57.7%
Everybody Hates Chris
56.7%
Night Court
55.7%
% Correct
Rhoda
52.8%
Welcome Back, Kotter
47.8%
Barney Miller
47.2%
NewsRadio
41.5%
Rules of Engagement
38.7%
Flight of the Conchords
34.7%
Don't Trust the B---- in Apartment 23
31.9%
The Jim Gaffigan Show
30.3%
Master of None
24.9%
Great News
16.7%

You're not logged in!

Compare scores with friends on all Sporcle quizzes.
Join for Free
OR
Log In

You Might Also Like...

Show Comments

Extras

Top Quizzes Today


Score Distribution

Your Account Isn't Verified!

In order to create a playlist on Sporcle, you need to verify the email address you used during registration. Go to your Sporcle Settings to finish the process.

Report this User

Report this user for behavior that violates our Community Guidelines.

Details: